[Event "Quimper op 5th"]
[Site "Quimper"]
[Date "2014.10.31"]
[Round "3"]
[White "Bou, Serge"]
[Black "Major, Frederic"]
[Result "0-1"]
[WhiteElo "1328"]
[BlackElo "1715"]
[PlyCount "62"]
[EventDate "2014.10.31"]
[EventType "swiss"]
[EventRounds "7"]
[EventCountry "FRA"]
[SourceTitle "EXT 2016"]
[Source "ChessBase"]
[SourceDate "2015.10.08"]
[SourceVersion "1"]
[SourceVersionDate "2015.10.08"]
[SourceQuality "1"]

1. e4 e5 2. Nf3 Nc6 3. Bb5 a6 4. Bxc6 dxc6 5. 0-0 Bd6 6. d4 f6 7. dxe5 fxe5 8. Bg5 Nf6 9. c4 Qe7 10. Nc3 Bg4 11. Qb3 0-0-0 12. Na4 h6 13. Bxf6 gxf6 14. Nh4 Rhg8 15. Nf5 Bxf5 16. exf5 Rg5 17. Rad1 c5 18. Qh3 Rdg8 19. Qxh6 Kb8 20. Nc3 Rxf5 21. Qe3 Qg7 22. Qh3 Rf4 23. b3 f5 24. Ne2 Rh4 25. Qg3 Qh7 26. h3 Rxg3 27. fxg3 Rxh3 28. gxh3 Qxh3 29. Rxf5 Qxf5 30. Rf1 Qc2 31. Rf8+ Bxf8 0-1